Drahé úvery aj vplyvom účtovníctva
Vrchná riaditeľka menového úseku Národnej banky Slovenska Ing. Elena Kohútiková, CSc., o negatívnom vývoji obchodnej bilancie SR, obavách z možnej devalvácie slovenskej koruny a opatreniach Národnej banky Slovenska na zlepšenie obchodnej bilancie.
Saved in:
| Main Author: | |
|---|---|
| Other Authors: | |
| Format: | Book Chapter |
| Language: | Slovak |
| Subjects: | |
| Tags: |
No Tags, Be the first to tag this record!
|
MARC
| LEADER | 00000naa a2200000 4500 | ||
|---|---|---|---|
| 001 | r021823 | ||
| 005 | 20230801105307.7 | ||
| 041 | 0 | |a slo | |
| 044 | |a SK | ||
| 245 | 1 | 0 | |a Drahé úvery aj vplyvom účtovníctva |c Elena Kohútiková, A. Legéň |
| 520 | |a Vrchná riaditeľka menového úseku Národnej banky Slovenska Ing. Elena Kohútiková, CSc., o negatívnom vývoji obchodnej bilancie SR, obavách z možnej devalvácie slovenskej koruny a opatreniach Národnej banky Slovenska na zlepšenie obchodnej bilancie. | ||
| 610 | 2 | 0 | |a Slovensko |
| 610 | 2 | 0 | |a 1996 |
| 610 | 2 | 0 | |a úver bankový |
| 610 | 2 | 0 | |a NBS Bratislava |
| 610 | 2 | 0 | |a politika menová |
| 610 | 2 | 0 | |a bilancia obchodná |
| 610 | 2 | 0 | |a devalvácia |
| 100 | 1 | |a Kohútiková, Elena | |
| 700 | 1 | |a Legéň, A. | |